000 00930nac a22003017a 4500
001 BR6002051
003 BR-BrBNA
005 20240105113027.0
008 230509b bl.|||m| |||| 00| 0 por d
040 _aBR-BrBNA
_bpor
_cBiblioteca Nacional de Agricultura
072 _aA00
090 _aA00 BR6002051
110 1 _aMinisterio da Agricultura, Brasilia, DF (Brasil)
_96753
245 1 _aRelatorio das atividades em 1968 [Ministerio da Agricultura, Brasil]
260 3 _aBrasilia, DF (Brasil):
_c1969.
300 _a189 p.
490 _aRelatorio - Ministerio da Agricultura (Brazil)
_v
_x
650 _aDESENVOLVIMENTO AGRICOLA
650 _aREFORMA ADMINISTRATIVA
650 _aPESQUISA
650 _aINSPECAO SANITARIA
650 _aRECURSO NATURAL
650 _aCREDITO RURAL
650 _aEXPORTACAO
650 _aPRODUTIVIDADE
909 _a202312
_bLúcia Elande
_c55
_dLúcia Elande
942 _2AGRIS
_n0
_cMS
999 _c261481
_d261481